सुनीता विल्लम्स (Record no. 82226)
[ view plain ]
| 000 -LEADER | |
|---|---|
| fixed length control field | 00343nam a2200109Ia 4500 |
| 008 - FIXED-LENGTH DATA ELEMENTS--GENERAL INFORMATION | |
| fixed length control field | 221102s9999 xx 000 0 und d |
| 041 ## - LANGUAGE CODE | |
| Language code of text/sound track or separate title | hin |
| 082 ## - DEWEY DECIMAL CLASSIFICATION NUMBER | |
| Item number | जह |
| 100 ## - MAIN ENTRY--PERSONAL NAME | |
| Personal name | जहागीरदार द . व्य . |
| 245 ## - TITLE STATEMENT | |
| Title | सुनीता विल्लम्स |
| 260 ## - PUBLICATION, DISTRIBUTION, ETC. (IMPRINT) | |
| Name of publisher, distributor, etc. | साकेत प्रकाशन |
| Date of publication, distribution, etc. | 1905-07-06 |
| Withdrawn status | Lost status | Damaged status | Not for loan | Collection code | Home library | Current library | Date acquired | Total Checkouts | Full call number | Barcode | Date last seen | Date last checked out | Bill Date | Koha item type | Original Barcode |
|---|---|---|---|---|---|---|---|---|---|---|---|---|---|---|---|
| BA | College Of Computer Application For Women , Satara | College Of Computer Application For Women , Satara | 13/08/2021 | 1 | जह | BCAS-B-806 | 15/10/2024 | 25/09/2024 | 04/11/2022 | Books | B00806 |